000 00701nam a2200265Ia 4500
005 20260302115606.0
008 008 260114s9999 xx 000 0 eng d
020 _a9781472533951
037 _aTextbook
040 _aCRL
040 _beng
040 _cCRL
041 _2eng
041 _aeng
084 _qCRL
100 _aNancy Bishop
_91121693
245 0 _aAuditioning for Film and Television Secrets from a Casting Director
260 _bBloomsbury
260 _bMethuen Drama
260 _c2015
650 _aLiterary Studies
856 _uhttps://doi.org/10.5040/9781472533951?locatt=label:secondary_bloomsburyCollections
942 _cEBOOK
999 _c1686769
_d1686769